|
|
|
|
| LEADER |
01256nam a2200289 a 4500 |
| 001 |
4507100 |
| 008 |
091230s1998 ii b 001 0 eng d |
| 010 |
|
|
|a 98027693
|
| 020 |
|
|
|a 0761992871 (US : hb)
|
| 020 |
|
|
|a 076199288X (US : pb)
|
| 020 |
|
|
|a 8170367484 (India-hb.)
|
| 020 |
|
|
|a 8170367492 (India-pb)
|
| 040 |
|
|
|a DLC
|c DLC
|d DLC
|d BD-DhAAL
|
| 082 |
0 |
0 |
|a 070.4/493054/0954
|2 21
|
| 100 |
1 |
|
|a Bathla, Sonia,
|d 1965-
|
| 245 |
1 |
0 |
|a Women, democracy, and the media :
|b cultural and political representations in the Indian press /
|c Sonia Bathla.
|
| 260 |
|
|
|a New Delhi ;
|a Thousand Oaks :
|b Sage Publications,
|c 1998.
|
| 300 |
|
|
|a 209 p. ;
|c 23 cm.
|
| 500 |
|
|
|a Based on the author's thesis (Ph. D.)--University of Leicester, England.
|
| 504 |
|
|
|a Includes bibliographical references (p. [189]-203) and index.
|
| 541 |
1 |
|
|e 00012498
|
| 650 |
|
0 |
|a Women
|x Press coverage
|z India.
|
| 650 |
|
0 |
|a Women in journalism
|z India.
|
| 650 |
|
0 |
|a Press and politics
|z India.
|
| 852 |
4 |
|
|a Ayesha Abed Library
|j General Shelf.
|
| 999 |
|
|
|c 6555
|d 6555
|
| 952 |
|
|
|0 0
|1 0
|2 ddc
|4 0
|6 070_449305409540000_BAT
|7 0
|9 6667
|a BRACUL
|b BRACUL
|c GEN
|d 2009-12-31
|g 0.00
|l 1
|o 070.44930540954 BAT
|p 3010012498
|r 2012-08-08
|s 2012-07-25
|t 1
|w 2009-12-31
|y BK
|x No price found in the accession register.
|